| 000 | 01195cam a2200205 4500500 | ||
|---|---|---|---|
| 005 | 20251228065551.0 | ||
| 041 | _afre | ||
| 042 | _adc | ||
| 100 | 1 | 0 |
_aMarkakis, Konstantinos _eauthor |
| 245 | 0 | 0 | _aLa « parentalité soignante » dans un « ailleurs » |
| 260 | _c2019. | ||
| 500 | _a39 | ||
| 520 | _aÀ partir d’une vignette tirée de l’expérience sur un poste d’ avs-co (auxiliaire de vie scolaire collectif) au sein d’un collège, l’auteur essaie d’illustrer le concept de la « parentalité soignante » dans l’accompagnement socio-éducatif au sens large. Il met davantage l’accent sur la nécessité pour le professionnel de « comprendre » ses propres éléments infantiles mobilisés dans la relation à autrui et il démontre comment les « ailleurs » peuvent contribuer à cette direction. | ||
| 690 | _aaccompagnement socio-éducatif | ||
| 690 | _aailleurs | ||
| 690 | _aParentalité soignante | ||
| 690 | _arelation | ||
| 786 | 0 | _nVST - Vie sociale et traitements | 144 | 4 | 2019-10-15 | p. 95-98 | 0396-8669 | |
| 856 | 4 | 1 | _uhttps://shs.cairn.info/revue-vie-sociale-et-traitements-2019-4-page-95?lang=fr&redirect-ssocas=7080 |
| 999 |
_c1591771 _d1591771 |
||